Entrada Término temático
Número de registros utilizados en: 1
001 - NÚMERO DE CONTROL
003 - IDENTIFICADOR DEL NÚMERO DE CONTROL
- campo de control:
DR-UNIBE
005 - FECHA Y HORA DE LA ÚLTIMA TRANSACCIÓN
- campo de control:
20250805112201.0
008 - DATOS DE LONGITUD FIJA
- campo de control de longitud fija:
250805|| aca||aabn | a|a d
040 ## - FUENTE DE LA CATALOGACIÓN
- Centro catalogador/agencia de origen:
DR-UNIBE
- Centro/agencia transcriptor:
DR-UNIBE
650 ## -
- :
República Dominicana
- :
Historia
- :
Gobierno colonial, frances 1795-1809
670 ## - FUENTE DE DATOS ENCONTRADOS
- Cita de la fuente:
Work cat.: (DR-UNIBE)2593: Recopilación diplomática relativa a las colonias española y francesa de la isla de Santo Domingo, 1684-1801 / , 2000